Polish Cities - Sudden Death - Statistics

General Stats
  • This quiz has been taken 137 times
  • The average score is 8 of 10
Answers on the Grid
Answers color-coded by a green-red scale on the quiz's grid according to % correct below.
Poznan
Sodam
Katowice
Mipkopenc
Lodz
Borac
Mogadishu
Rome
Warsaw
Tallinn
Zakopane
Krakow
Prussia
Chelm
Zabrze
Kielce
Stargard
Jokaska
Marvone
Rydnity
 
Answer Stats
Answer % Correct
Poznan
98%
Warsaw
96%
Katowice
93%
Krakow
89%
Lodz
89%
Kielce
80%
Zabrze
80%
Zakopane
80%
Chelm
72%
Stargard
50%
No matching quizzes found
Score Distribution
Percent of People with Each Score
Percentile by Number Answered
Your Score History
You have not taken this quiz